|
|
|
|
| LEADER |
00000nam a2200000 a 4500 |
| 001 |
vtls008175227 |
| 003 |
SK-MaSNL |
| 005 |
20260425222557.0 |
| 008 |
130607s2000 xo 000 0 slo |
| 020 |
|
|
|a 8085187213
|
| 035 |
|
|
|a SPKKN11661
|
| 040 |
|
|
|a SNK
|b slo
|c SNK
|e AACR2
|
| 041 |
|
|
|a slo
|
| 041 |
|
|
|a eng
|
| 044 |
|
|
|a xo
|c SK
|
| 080 |
|
|
|a 791.43(437.6)
|2 1981
|
| 245 |
0 |
0 |
|a Filmyearbook. Filmová ročenka 1990-1999:
|b Časť 2
|c Renáta Šmatláková
|
| 250 |
|
|
|a 1. vyd.
|
| 260 |
|
|
|a Bratislava
|b Slovenský filmový ústav
|c 2000
|
| 300 |
|
|
|a 712 s.
|
| 651 |
|
7 |
|a Slovensko
|2 SNK
|9 14231
|
| 655 |
|
7 |
|a ročenky
|2 SNK
|9 57146
|
| 700 |
1 |
1 |
|a Šmatláková, Renáta
|4 220
|9 11918
|
| 918 |
|
|
|a 80-85187-21-3
|
| 999 |
|
|
|c 561569
|d 563499
|
| 952 |
|
|
|a SNK
|b SNK
|y PREZ
|7 0
|p 17A0303226
|o snkČSD 2219/1990-1999/2
|i snkKSP 7018/2001
|0 0
|1 0
|4 0
|d 2001-06-06
|l 0
|r 2005-01-02 00:00:00
|w 2026-02-23
|
| 952 |
|
|
|a SNK
|b SNK
|y PREZ
|7 0
|p 17A0303227
|o snkČSD 2219/1990-1999/2 D1
|i snkKSP 7019/2001
|0 0
|1 0
|4 0
|d 2001-06-06
|l 0
|r 2005-01-02 00:00:00
|w 2026-02-23
|